000
00294nam a22001337a 4500
008
170227b xxu||||| |||| 00| 0 eng d
020
_a
0471774219
041
_a
eng
080
_2
2ND
_a
577
100
_a
5
101
_a
SHMD
245
_a
BIOCHEMICAL CALCULATIONS
_c
SEGEL, I.H
942
_2
udc
_c
BK
999
_c
6316
_d
6316